[Event "SN-2013-0-00559"]
[Site "LSS email"]
[Date "2013.12.15"]
[Round "?"]
[White "Lebduska, Daniel"]
[Black "Millares, Mariano"]
[Result "1-0"]
[WhiteElo "599"]
[BlackElo "800"]
[PlyCount "21"]
[EventDate "2013.12.04"]
[EventType "tourn (corr)"]
[EventRounds "6"]
[EventCountry "GER"]
[SourceTitle "Corr 2022"]
[Source "ChessBase"]
[SourceDate "2021.10.24"]
[SourceVersion "1"]
[SourceVersionDate "2021.10.24"]
[SourceQuality "1"]

1. e4 e5 2. Nf3 Nc6 3. d3 Bc5 4. Be2 d6 5. h3 Nf6 6. a3 Be6 7. Nc3 a6 8. Ng5 Qe7 9. 0-0 h6 10. Nxe6 fxe6 11. Be3 1-0

[Event "SN-2013-0-00559"]
[Site "LSS email"]
[Date "2013.12.15"]
[Round "?"]
[White "Millares, Mariano"]
[Black "Linart, Ludvik"]
[Result "0-1"]
[WhiteElo "800"]
[BlackElo "1033"]
[PlyCount "28"]
[EventDate "2013.12.04"]
[EventType "tourn (corr)"]
[EventRounds "6"]
[EventCountry "GER"]
[SourceTitle "Corr 2022"]
[Source "ChessBase"]
[SourceDate "2021.10.24"]
[SourceVersion "1"]
[SourceVersionDate "2021.10.24"]
[SourceQuality "1"]

1. e4 e5 2. Nf3 Nc6 3. Bb5 d6 4. d4 Bd7 5. d5 Nb8 6. Bc4 Nf6 7. Nc3 Be7 8. h3 a6 9. a4 0-0 10. 0-0 c5 11. Bd2 Ne8 12. Ne2 Nc7 13. Ng3 b5 14. axb5 Nxb5 0-1

[Event "SN-2013-0-00559"]
[Site "LSS email"]
[Date "2013.12.15"]
[Round "?"]
[White "Millares, Mariano"]
[Black "Vontina, Maria"]
[Result "0-1"]
[WhiteElo "800"]
[BlackElo "717"]
[PlyCount "34"]
[EventDate "2013.12.04"]
[EventType "tourn (corr)"]
[EventRounds "6"]
[EventCountry "GER"]
[SourceTitle "Telechess CBM 167"]
[Source "ChessBase"]
[SourceDate "2015.07.13"]
[SourceVersion "1"]
[SourceVersionDate "2015.07.13"]
[SourceQuality "1"]

1. c4 Nf6 2. d4 g6 3. Nc3 Bg7 4. e4 d6 5. Nf3 0-0 6. Bd3 Bg4 7. h3 Bc8 8. 0-0 Nc6 9. d5 Nb8 10. Bg5 a6 11. Rc1 e5 12. Qd2 Qe8 13. Bh6 Qe7 14. Bxg7 Kxg7 15. b4 h6 16. a4 Nh5 17. Kh2 Nf4 0-1